000 00683nam a2200217 a 4500
001 000036744
005 20250429110432.0
008 120127s1963 sp b 000 0 spa d
040 _aDO-SdBNP
_bspa
_cBNPHU
082 _aR 912.19
_bV857a
100 1 _aVives, J. Vicens
_cJ. Vicéns Vives
_d1910-1960
_963072
245 1 0 _aAtlas de historia universal.
250 _a4a. ed.
260 _aBarcelona, :
_bTeide,
_c1963.
300 _a40 p. :
_bmap. ;
_c25 cm.
650 4 _aGeografía historica
_963073
650 4 _aGeografía historica
_xMapas
_963074
650 0 _aHistoria universal
_9933
650 4 _aHistoria universal
_xMapas
_963075
910 _aValidado. Control de calidad MFF
999 _c36235
_d36235